Contitech Fluid Automotive Kft. Tolmácsolási esemény elemzése [szakfordítói szakdolgozat]

Elmentve itt :
Bibliográfiai részletek
Szerző: Fuchs Bernadett Bettina
További közreműködők: Durst Péter (Témavezető)
Dokumentumtípus: Szakdolgozat
Megjelent: 2017
Tárgyszavak:
Online Access:http://diploma.bibl.u-szeged.hu/69431
LEADER 00772nta a2200181 i 4500
001 dipl69431
005 20230802115355.0
008 180530s2017 hu om 0|| hun d
040 |a SZTE Diploma Repozitórium  |b hun 
041 |a hun 
100 1 |a Fuchs Bernadett Bettina 
245 1 0 |a Contitech Fluid Automotive Kft. Tolmácsolási esemény elemzése [szakfordítói szakdolgozat]  |h [elektronikus dokumentum] /  |c Bernadett Bettina Fuchs 
246 1 0 |a Contitech Fluid Automotive Kft. - A Case Study of an Interpreted Event  |h [elektronikus dokumentum] 
260 |c 2017 
650 4 |a Bölcsészettudományok 
650 4 |a Humanities 
700 1 |a Durst Péter  |e ths 
856 4 0 |u https://diploma.bibl.u-szeged.hu/id/eprint/69431/1/2016_Fuchs_Bernadett_Bettina_VRCP0L_SZ.pdf  |z Dokumentum-elérés